000 00463nam a2200181Ia 4500
001 4248
005 20260306145742.0
008 260306t2005||||xx |||||||||||||| ||spa||
041 _aESP
082 _a320.0985
_bF43
100 _aFerrero Costa, Raúl
_eAUT
245 0 _aLa consolidación democrática:
_bescritos y estudios (2001-2005)
260 _c2005
300 _a1097 páginas :
_c24 cm.
650 _aGEN
654 _aCDE
942 _cLIB
_dJUS
_fJUS
_2ddc
_n
999 _c4248
_d4248